000 00612nam a22001217a 4500
008 110620t xxu||||| |||| 00| 0 eng d
010 _aCACAF66
245 _aCourt of Appeal Civil Appeal No. 02 OF 2008 Mwesigwa Hannington & 3 others Vs Attorney General
260 _c2008
500 _aCoram: Hon. Justice C.N.B. Kitumba, JA Hon. Justice S.B.K Kavuma, JA Hon. Justice A.S. Nshimye, JA
999 _c3367
_d3367